00793nam a2200217Ia 4500001000700000003000500007008004100012010001100053040000900064082001500073100011100088245018800199260003700387300001100424440000500435500000500440503000500445650004000450650004500490650004000535Z_4579CHAP220113s1984 xx 000 0 und d a167654 cCHAP a630.72 U79 aUniversidad Autónoma Metropolitana. Unidad Xochimilco. Departamento de Producción Agrícola y Animal. aEl sistema modular en la enseñanza de agronomía y medicina veterinaria y zootecnia : 10 años de experiencia de la UAM-X /cpor UAM-X. Depto. de Producción Agrícola y Animal aMéxico, D. F. :bUAM-X,c1984 a213 p. a a a aAgriculturaxEstudio y enseñanza  aGanaderíaxEstudio y enseñanza I. t. aVeterinariaxEstudio y enseñanza